The portable MBA in marketing (Бичлэгийн дугаар. 145728)
| 000 -УДИРДЛАГА | |
|---|---|
| Удирдлага | 00724nam a22002537a 4500 |
| 003 - ХЯНАЛТЫН ТОО ТОДОРХОЙЛОГЧ | |
| Код | MN-UlNUM |
| 005 - БИЧИЛТ ХИЙСЭН ОГНОО | |
| Тухайн бичилтийг бичсэн засварласан сүүлийн огноо | 20251124164237.0 |
| 008 - ЕРӨНХИЙ МЭДЭЭЛЭЛ | |
| Ерөнхий мэдээлэл | 251124s1992 nyua|b|| |||| 001 0 eng | |
| 020 ## - ISBN | |
| ISBN | 047154728X |
| 040 ## - БИЧЛЭГ ҮҮСГЭГЧ БАЙГУУЛЛАГА | |
| Бичлэг үүсгэгч номын сангийн код | МУИС-ийн номын сан |
| 084 ## - ББК АНГИЛАЛ | |
| Нэмэлт тусгалт | Нэг сэдэвт бүтээл |
| ББК ангилал | 65.290-2 |
| Зохиогчийн гурван тэмдэгт | H 65 |
| Мэдлэгийн ялгаа | 65 - Эдийн засаг |
| 100 1# - ЗОХИОГЧ | |
| Зохиогчийн нэр | Hiam, Alexander. |
| 245 14 - ҮНДСЭН ГАРЧИГ | |
| Номын нэр | The portable MBA in marketing |
| Оролцогчдын тухай мэдээ | Alexander Hiam, Charles D. Schewe. |
| 260 ## - ГАРАЛТЫН МЭДЭЭ | |
| Хэвлэгдсэн газар | New York : |
| Хэвлэлийн газар | J. Wiley, |
| Хэвлэгдсэн он | 1992. |
| 300 ## - МАТЕРИАЛЫН ТОДОРХОЙЛОЛТ | |
| хуудасны тоо | xiv, 464 p. : |
| Бусад тоон мэдээлэл | ill. ; |
| Хэмжээ | 26 cm. |
| 500 ## - Тайлбар | |
| Дансны дугаар | БС 4086 |
| 546 ## - ХЭЛНИЙ ТУХАЙ МЭДЭЭ | |
| Хэл | Англи хэл дээр, |
| 653 ## - Түлхүүр үг | |
| Түлхүүр үг | marketing |
| 653 ## - Түлхүүр үг | |
| Түлхүүр үг | management |
| 700 1# - ХАМ ЗОХИОГЧИД | |
| Ба бус | Schewe, Charles D. |
| Dates associated with a name | 1942- |
| 942 ## - ЭЛЕМЕНТИЙН ТӨРӨЛ | |
| Зүйлийн төрөл | Ном |
